01362nam a22001815i 4500001000700000003000900007005001700016008004100033040003000074100003400104245006200138260006800200300005400268505006900322650003600391650003300427852072000460156065ES-MaACL20230906210316.0000911s1888 sp ag |||| | spa d aCCPB | B bspa cCCPB | B1 aInzenga, José (d1828-1891)10aCantos y bailes populares de España / cpor J. Inzenga. aMadrid : bA. Romero, c1888 (fimprenta de José M. Ducazcal) aXXII, 84 , 10, p. 45 p. de partituras. ; c29 cm.8 aContiene: Cantos y bailes de Valencia. Cantos y bailes de Murcia 4aCanciones populares-zEspaña. 4aBailes populares-zEspaña. aES-MaACLjT-1238-F-4 z-- Enc. hol., conservando la cub. original z-- De la parte de Murcia las pp. 13-16 de partituras mal enc., delante del texto.x-- Edic.: en este ejemp. la parte correspondiente a Valencia tiene 84 p., de las cuales, de la p. 27-50, son partituras, precedidas por una portadilla grab. calc.: "F. Echevarria" -- Además hay 45 p., correspondientes a Murcia, de las cuales de la 13-45 son partituras, precedidas también por una portadilla grab. calc.: F. Echevarría. Esta segunda parte, por lo visto en los catálogos del CSIC y en REBIUM, debería tener 80 p. y probablemente también abarcaría Galicia. Según Palau, restos de esta ed. se reeditaron en el S. XX con una cub. nueva.